República Oriental del Urugay / (Registro nro. 87472)
[ vista simple ]
| 000 -LEADER | |
|---|---|
| fixed length control field | 00447cam a2200157 4500 |
| 008 - FIXED-LENGTH DATA ELEMENTS--GENERAL INFORMATION | |
| fixed length control field | s1954 bl c spa |
| 050 00 - LIBRARY OF CONGRESS CALL NUMBER | |
| Classification number | F2708 |
| Item number | C42 1954 |
| 100 1# - MAIN ENTRY--PERSONAL NAME | |
| Personal name | Chebataroff, Jorge |
| 245 10 - TITLE STATEMENT | |
| Title | República Oriental del Urugay / |
| Statement of responsibility, etc | Jorge Chebataroff. |
| 260 ## - PUBLICATION, DISTRIBUTION, ETC. (IMPRINT) | |
| Place of publication, distribution, etc | Brasil : |
| Name of publisher, distributor, etc | IPGH, |
| Date of publication, distribution, etc | 1954 |
| 300 ## - PHYSICAL DESCRIPTION | |
| Extent | 87 p., 3 h. plegs. ; |
| Dimensions | 16 - |
| 440 #0 - SERIES STATEMENT/ADDED ENTRY--TITLE | |
| Title | Manual de geografía ; 199-II |
| 942 ## - ADDED ENTRY ELEMENTS (KOHA) | |
| Source of classification or shelving scheme | Biblioteca del Cogreso de los Estados Unidos |
| Koha item type | Libro |
| Estado de pérdida | Fuente de clasificación | Estado del daño | No para préstamo | Ubicación permanente | Ubicación actual | Apartado o colección | Fecha de adquisición | Edición | Enumeración de Serie / Cronológica | Área del conocimiento | Clasificación | Código de Barras | Date last seen | Número de copia | Tipo de recurso |
|---|---|---|---|---|---|---|---|---|---|---|---|---|---|---|---|
| Biblioteca del Cogreso de los Estados Unidos | Biblioteca de la Unidad de Ciencias Ingeniería y Humanidades | Biblioteca de la Unidad de Ciencias Ingeniería y Humanidades | General | 27/09/2018 | 1a. ed. | BCU000003675 | Educación y Humanidades | F2708 C42 1954 | BCU000003675 | 27/09/2018 | C:1 | Libro |